Gordon Matta-Clark
Gorde:
| Egile nagusia: | |
|---|---|
| Formatua: | Liburua |
| Hizkuntza: | ingelesa |
| Argitaratua: |
Nueva York
Phaidon
2003
|
| Edizioa: | 1a. ed |
| Gaiak: | |
| Etiketak: |
Etiketa erantsi
Etiketarik gabe, Izan zaitez lehena erregistro honi etiketa jartzen!
|
MARC
| LEADER | 00000nam a2200000 a 4500 | ||
|---|---|---|---|
| 001 | UCJ9570 | ||
| 003 | CL-VaPUC | ||
| 005 | 20240805102541.0 | ||
| 008 | 070323e20030000US |||||||||||||||||eng|d | ||
| 999 | |c 325028 |d 325026 | ||
| 020 | |a 0714839167 | ||
| 040 | |c Pontificia Universidad Católica de Valparaíso | ||
| 082 | 0 | 4 | |a 709.04 |b DIS |2 21 |
| 100 | 0 | |a Diserens, Corinne |e author |9 519562 | |
| 245 | 1 | 0 | |a Gordon Matta-Clark |
| 250 | |a 1a. ed | ||
| 260 | |a Nueva York |b Phaidon |c 2003 | ||
| 300 | |a 237 p | ||
| 583 | |a last modification |c 20070323 00:00:00 |k Rodrigo Vera | ||
| 600 | |a Matta-Clark, Gordon, |d 1943-1978 |9 863840 | ||
| 650 | 0 | |a Artes visuales |9 336870 | |
| 650 | 7 | |a ESCULTORES ESTADOUNIDENSES |2 CL-VaPUC |9 428605 | |
| 650 | 0 | |a Artistas estadounidenses |9 519563 | |
| 650 | 0 | |a Fotografías |9 268494 | |
| 942 | |c BK |2 ddc | ||
| 945 | |d 20070323 00:00:00 |a cmena | ||
| 952 | |0 0 |1 0 |4 0 |6 709_040000000000000_DIS_2003 |7 0 |8 A |9 405471 |a BIBARQ |b BIBARQ |d 2019-11-22 |i 4268237 |o 709.04 DIS 2003 |p 4268237 |r 2019-11-22 |w 2019-11-22 |y BK |k ARQ | ||